1916 1395 1963 1287 1151 1557 1214 1348 1134 1822 1562 1488 1329 1199 1643 1269 1655 1524 1315 1045 1014 1684 1567 1214 1554 1009 1298 1647 1661 1378 1748 1863 1313 1020 1197 1094 1669 1441 1810 1937 1692 1481 1444 1618 1973 1409 1645 1124 1659 1586 1211 1068 1458 1116 1165 1633 1999 1848 1240 1547 1462 1935 1228 1064 1203 1743 1330 1295 1320 1055 1464 1344 1802 1905 1658 1256 1407 1227 1249 1522 1943 1867 1074 1059 1573 1881 1804 1499 1416 1648 1855 1194 1094 1897 1714 1795 1683 1928 1824 BCNSPRNW ULIB Ver.6.0+V

เปลี่ยนเป็นภาษาไทย

Change to English
 แสดงรายละเอียดบรรณานุกรม
  กลับหน้าหลัก

Brief Record : Get Marc (ISO 2709) : E-mail record : QR code < ปิดหน้าต่าง
LEADER : 00000nam 2200000uu 4500
001    13399127117
003     ULIB
008    191016s2019||||th 000 0 tha d
020    ^a9781438011790 (pbk.)
050  4 ^aPE1128^bL887B
100 1  ^aLougheed, Lin,^d1946
245 10 ^aBarron s IELTS :^binternational English Language TestingSystem /^cLin Lougheed
246 30 ^aIELTS :^bInternational English Language Testing System
246 30 ^aInternational English Language Testing System
250    ^a5th ed.
260    ^aHauppauge, N.Y. :^bKaplan/Barron s Educational Series,^c2019
300    ^avi, 529 p. :^bill. ;^c28 cm.
505 0  ^aIntroduction -- Preparing for IELTS -- Listening module --Reading module -- Wriiting module -- Speaking module --IELTS model tests -- Audioscripts
650  0 ^aInternational English Language Testing System^vStudyguides
650  0 ^aEnglish language^vTextbooks for foreign speakers
650  0 ^aEnglish language^xExaminations^vStudy guides
653    ^aIELTS
945    ^p600^l0^i006306
999    ^aประนอม เกษจรัล
รายการนี้ยังไม่มีแท็ก
คุณยังไม่ได้ล็อกอิน คุณสามารถมีกิจกรรมร่วมกับเว็บไซต์ได้ แต่ต้องล็อกอินก่อน ::
  ล็อกอิน

รายการสื่อสารสนเทศ

ลำดับที่ ประเภท เลขเรียก/บาร์โค้ด สถานที่ สถานะ
1. การศึกษาทั่วไป
การศึกษาทั่วไป
PE1128 L887B ฉ.1 
  Barcode: 006306
ห้องสมุดวิทยาเขตสวรรค์ประชารักษ์
►หนังสือทั่วไป
บนชั้น

BibComment


ยังไม่เคยถูกคอมเมนท์

คอมเมนท์ทรัพยากรรายการนี้
  คอมเมนท์: Barron s IELTS ..


 Copyright 2026. Bcnsprnw @Library